000 00523nam a2200145 a 4500
008 120416s1969 ||||||||||||||||| || u
050 _aQA 265 Gas
100 _aGass, Saul I
245 1 0 _aLinear Programming : methods and applications. (3rd ed.)
250 _a3rd.ed
260 _aNew York:
_bMcGraw-Hill
_c(1969)
300 _axiii, 358p. : ill
350 _a0.00
995 _D0.00
_FCBU-MAIN LIBRARY (Kitwe)
_H1
_I0.00
_M1
_UAVAILABLE
_ZMain Library Open Access Collection
999 _c49321
_d49321